[Event "45th FIDE Chess Olympiad Open"]
[Site "Budapest, Hungary"]
[Date "2024.09.13"]
[Round "3.53"]
[White "Fancy, Stuart"]
[Black "Hamperl, Fred"]
[Result "1-0"]
[WhiteElo "1921"]
[BlackElo "1977"]
[PlyCount "109"]
[EventDate "2024.??.??"]
[WhiteTeam "Papua New Guinea"]
[BlackTeam "Guernsey"]
[WhiteTeamCountry "PNG"]
[WhiteClock "0:16:17"]
[BlackClock "0:07:38"]

1. Nc3 d5 2. d4 Nf6 3. Bg5 Nbd7 4. Nf3 h6 5. Bf4 a6 6. g3 ({RR} 6. Qd3 c5 7. e4 cxd4 8. Qxd4 dxe4 9. Nxe4 Nxe4 10. Qxe4 Nf6 11. Qa4+ Bd7 12. Qb3 Qa5+ 13. c3 b5 14. Ne5 Be6 15. Qd1 g5 16. Bg3 Bg7 17. Bd3 O-O 18. h4 g4 19. O-O Qb6 20. Qe2 Rad8 {Morozevich,A (2659)-Leko,P (2674) Abu Dhabi 2019 0-1 (32)}) ({RR} 6. e3 e6 7. Ne5 c5 8. a4 Nxe5 9. dxe5 Nd7 10. Bd3 Qc7 11. Nxd5 exd5 12. e6 Bd6 13. exd7+ Bxd7 14. Bxd6 Qxd6 15. O-O O-O 16. c4 Bc6 17. cxd5 Qxd5 18. e4 Qd4 19. Qe2 Rfe8 20. Rfe1 Bxa4 {Boros,D (2402)-Streltsov,A (2286) chess.com INT 2024 1-0 (39)}) 6... e6 7. Bg2 c5 8. dxc5 $146 ({RR} 8. O-O b5 9. Re1 Bb7 10. Ne5 cxd4 11. Qxd4 Bc5 12. Qd2 Nxe5 13. Bxe5 Bxf2+ 14. Kxf2 Ng4+ 15. Kg1 Nxe5 16. Qd4 f6 17. Bh3 Qe7 18. Qb6 f5 19. Qf2 Rc8 20. a3 h5 21. Qf4 Nc4 22. e4 dxe4 {Sebestyen,B (2279)-Kincs,I (2240) Hungary 2007 0-1}) ({RR} 8. O-O b5 9. a3 Bb7 10. Ne5 Rc8 11. Nxd7 Qxd7 12. e3 Be7 13. dxc5 Bxc5 14. Be5 Be7 15. Bd4 O-O 16. f4 Qc7 17. Rf2 Rfd8 18. Bf3 Ne4 19. Bxe4 dxe4 20. Qg4 Rxd4 21. exd4 e3 22. Re2 Qc6 {Turikov,V (2256)-Altshul,R (2150) Opatija 2013 ½-½ (34)}) 8... Bxc5 9. O-O O-O 10. a3 b5 11. b3 Bb7 12. Bc1 Rc8 13. Bb2 Qc7 14. e3 b4 15. axb4 Bxb4 16. Na2 Be7 17. Nd4 Ne4 18. Qe2 Rfe8 19. Rfc1 Nd6 20. Nf3 Bf6 21. Bxf6 Nxf6 22. Ne5 Nfe4 23. f3 Nc3 24. Nxc3 Qxc3 25. Nd3 e5 26. Qe1 Qxe1+ 27. Nxe1 Rc3 28. Bf1 Ra8 29. Kf2 e4 30. f4 Nb5 31. Bxb5 axb5 32. Rxa8+ Bxa8 33. Ra1 Rc8 34. Ra7 g5 35. Ke2 b4 36. fxg5 hxg5 37. h4 gxh4 38. gxh4 Bc6 39. Ng2 Rd8 40. Nf4 Bb5+ 41. Kd2 d4 42. Rb7 dxe3+ 43. Kxe3 Bc6 44. Rxb4 Kg7 45. Rb6 Rc8 46. c4 f5 47. b4 Be8 48. c5 Ra8 49. c6 Ra3+ 50. Kd4 Rf3 51. c7 Bd7 52. Rd6 Bc8 53. Rd8 Rxf4 54. Rxc8 e3+ 55. Kxe3 1-0

[Event "45th FIDE Chess Olympiad Open"]
[Site "Budapest, Hungary"]
[Date "2024.09.13"]
[Round "3.54"]
[White "Rowe, Peter"]
[Black "McCoy, Tom"]
[Result "0-1"]
[WhiteElo "1973"]
[BlackElo "1883"]
[PlyCount "76"]
[EventDate "2024.??.??"]
[WhiteTeam "Guernsey"]
[BlackTeam "Papua New Guinea"]
[BlackTeamCountry "PNG"]
[WhiteClock "0:01:44"]
[BlackClock "0:05:34"]

1. d4 e6 2. Nf3 c5 3. c3 cxd4 ({RR} 3... f5 4. d5 exd5 5. Qxd5 d6 6. Bf4 Nf6 7. Qb3 d5 8. e3 Nc6 9. Be2 Bd6 10. Bxd6 Qxd6 11. O-O O-O 12. Rd1 Kh8 13. c4 dxc4 14. Bxc4 Qe7 15. Qb5 Nb4 16. a3 Na6 17. Qb3 Nc7 18. Nc3 {Anikaev,Y (2455)-Palatnik,S (2515) Beltsy 1979 1-0 (35)}) 4. cxd4 Nf6 ({RR} 4... Nc6 5. Nc3 Bb4 6. a3 Be7 7. e4 d5 8. e5 f6 9. Bf4 fxe5 10. Nxe5 Nf6 11. Bb5 Qb6 12. Qa4 O-O 13. Bxc6 Qxb2 14. Rc1 bxc6 15. O-O c5 16. Nc6 Qb7 17. Nxe7+ Qxe7 18. dxc5 Qxc5 19. Nb5 {Piliczewski,B (1878)-Rose,F (2091) chess.com INT 2024 0-1 (41)}) 5. Nc3 Nc6 6. e3 $146 ({RR} 6. g3 a6 7. Bg2 Be7 8. O-O O-O 9. e4 Re8 10. e5 Nd5 11. Nxd5 exd5 12. Qb3 d6 13. Qxd5 dxe5 14. Qxd8 Bxd8 15. dxe5 Nxe5 16. Nxe5 Rxe5 17. Be3 h6 18. Rad1 Re8 {½-½ (18) Froeling,P (1376)-Polk,M (1186) Schloss Schney 2002}) 6... Be7 7. Bd3 a6 8. O-O O-O 9. Re1 d5 10. a3 b5 11. b4 Bb7 12. Bb2 Rc8 13. Qe2 Re8 14. Rad1 Qb6 15. e4 dxe4 16. Nxe4 Red8 17. Nc5 Rd6 18. Ne5 Rcd8 19. Nxb7 Qxb7 20. Qf3 Qa8 21. h3 Rd5 22. Be4 Nxe5 23. dxe5 Nxe4 24. Rxd5 exd5 25. e6 f6 26. Bd4 Qc6 27. Qg4 Qc4 28. Be3 Nc3 29. Qh5 g6 30. Qf3 Qe4 31. Qg3 Qxe6 32. f4 d4 33. f5 Qe5 34. Qf3 dxe3 35. Rxe3 Qd4 36. Kf1 Qd1+ 37. Qxd1 Rxd1+ 38. Kf2 Nd5 0-1

[Event "45th FIDE Chess Olympiad Open"]
[Site "Budapest, Hungary"]
[Date "2024.09.13"]
[Round "3.55"]
[White "Jones, Rupert"]
[Black "Brookfield, Toby"]
[Result "0-1"]
[WhiteElo "1849"]
[BlackElo "1872"]
[PlyCount "72"]
[EventDate "2024.??.??"]
[WhiteTeam "Papua New Guinea"]
[BlackTeam "Guernsey"]
[WhiteTeamCountry "PNG"]
[WhiteClock "0:02:01"]
[BlackClock "0:15:06"]

1. e4 c5 2. Nc3 d6 3. g3 Nc6 4. Bg2 g6 5. d3 Bg7 6. Be3 Rb8 7. Qd2 b5 8. Nge2 b4 9. Nd1 Qa5 10. O-O ({RR} 10. f4 e6 11. O-O Nge7 12. d4 cxd4 13. Nxd4 Nxd4 14. Bxd4 Bxd4+ 15. Qxd4 Qc5 16. Qxc5 dxc5 17. Ne3 Nc6 18. Rf2 Ke7 19. f5 Rd8 20. Ng4 h5 21. fxg6 fxg6 22. Raf1 Kd6 23. Rf7 Rd7 24. e5+ Kc7 {Boydia,S (2024)-Brookfield,T (1823) Istanbul 2012 1-0 (51)}) 10... Ne5 ({RR} 10... Nf6 11. Bh6 O-O 12. Bxg7 Kxg7 13. a3 b3 14. c3 Ba6 15. f4 Nd4 16. Ne3 Nxe2+ 17. Qxe2 Qc7 18. g4 h6 19. Rf2 e6 20. Raf1 {½-½ (20) Klinger,J (2520)-Rogers,I (2535) Novi Sad 1990}) ({RR} 10... Nd4 11. Nc1 Nf6 12. h3 O-O 13. c3 bxc3 14. bxc3 Nc6 15. Bh6 Ba6 16. Bxg7 Kxg7 17. f4 Qb6 18. Kh2 Nd7 19. Rf2 Nf6 20. Ne3 h5 21. Bf3 e5 22. Bg2 h4 23. g4 exf4 24. Rxf4 Qb2 25. Nc2 {Tejedor Fuente,E (2434)-Estremera Panos,S (2303) Chess.com INT 2021 1-0 (68)}) 11. f4 $146 ({RR} 11. Qc1 Ba6 12. f4 Ng4 13. Bd2 c4 14. Qb1 cxd3 15. cxd3 Nxh2 16. Re1 Ng4 17. Bh3 N8f6 18. Kg2 Qb6 19. Ng1 O-O 20. Nf3 e5 21. d4 h5 22. fxe5 dxe5 23. d5 Nd7 24. Ne3 f5 25. exf5 gxf5 {Van Voorthuijsen,P (2290)-Bellin,R (2385) Guernsey 1996 0-1 (36)}) 11... Ng4 12. Qc1 Nxe3 13. Nxe3 Qc7 14. c3 Nf6 15. Qc2 O-O 16. h3 Bd7 17. cxb4 Rxb4 18. a3 Ba4 19. Qd2 Rbb8 20. Rac1 e6 21. b4 Nd7 22. d4 Rfc8 23. dxc5 dxc5 24. e5 Bc6 25. Bxc6 Qxc6 26. Nc4 Rd8 27. Nd6 Qb6 28. b5 Nxe5 29. Qe3 Qxd6 30. fxe5 Qxe5 31. Qxe5 Bxe5 32. Rxc5 Bd6 33. Rc6 Rxb5 34. Ra6 Bc5+ 35. Kh1 Rb3 36. a4 Rd2 0-1

[Event "45th FIDE Chess Olympiad Open"]
[Site "Budapest, Hungary"]
[Date "2024.09.13"]
[Round "3.57"]
[White "De Mey, Juan Pablo"]
[Black "Kudakwashe Chinake"]
[Result "1/2-1/2"]
[WhiteElo "1992"]
[BlackElo "1859"]
[PlyCount "134"]
[EventDate "2024.??.??"]
[WhiteTeam "Aruba"]
[BlackTeam "Cayman Islands"]
[WhiteTeamCountry "ARN"]
[BlackTeamCountry "CAY"]
[WhiteClock "0:03:15"]
[BlackClock "0:03:11"]

1. e4 c6 2. d4 d5 3. e5 c5 4. dxc5 Nc6 5. a3 a5 ({RR} 5... Nxe5 6. b4 g6 7. Bb5+ Bd7 8. Qxd5 Bxb5 9. Qxe5 Nf6 10. Nc3 Bc6 11. Nge2 Bg7 12. O-O O-O 13. Bb2 Ne4 14. Qf4 Qd2 15. Qxd2 {½-½ (15) Predojevic,B (2641)-Asrian,K (2621) Moscow 2008}) 6. Bb5 e6 ({RR} 6... Nh6 7. Nf3 Bg4 8. h3 Bxf3 9. Qxf3 e6 10. Bxh6 gxh6 11. c4 Bxc5 12. Nc3 O-O 13. O-O-O Nxe5 14. Qg3+ Ng6 15. cxd5 e5 16. h4 h5 17. Ne4 Rc8 18. Kb1 Bd4 19. d6 f5 20. Rxd4 exd4 21. Ng5 {Garrido,D (2205)-Hasanagic,A (2243) chess.com INT 2023 1-0 (31)}) 7. Be3 Nge7 8. c3 $146 ({RR} 8. Bd4 Bd7 9. Bxc6 Nxc6 10. Nf3 Nxd4 11. Qxd4 Qc7 12. Qg4 Bb5 13. Nc3 Qxc5 14. Nd4 Ba6 15. O-O-O Qc4 16. Qh3 Rc8 17. Nxe6 d4 18. Nxg7+ Bxg7 19. Rxd4 Qxd4 20. Qxc8+ Qd8 21. Qf5 Qd7 22. Qh5 Qe6 {Ribera Cebolla,M (2110)-Soler Nadal,J (1669) Sueca 2018 1-0 (38)}) ({RR} 8. Nf3 Nf5 9. Bd4 Bd7 10. Bxc6 Bxc6 11. O-O g5 12. g4 Nxd4 13. Qxd4 Bg7 14. Nbd2 O-O 15. Rfe1 h6 16. c3 a4 17. Nf1 Ra5 18. Ng3 Qe7 19. Nh5 Rc8 20. Qd2 Rxc5 21. Nd4 Bd7 22. Re3 Rc4 {Kostolansky,S (2305)-Petran,P (2243) Slovakia 2019 1-0 (35)}) ({RR} 8. Nf3 Nf5 9. Bd4 Bd7 10. Bxc6 Bxc6 11. O-O Be7 12. Nc3 O-O 13. b4 axb4 14. axb4 Rxa1 15. Qxa1 f6 16. Re1 fxe5 17. Bxe5 d4 18. Ne4 Qd5 19. Nxd4 Nxd4 20. Qxd4 Bh4 21. g3 Bf6 22. Qxd5 exd5 {Mladek,R (2280)-Gerasimenyk,M (2133) Chess.com INT 2020 1-0}) 8... Bd7 9. Bxc6 Bxc6 10. Bd4 a4 11. Ne2 Nf5 12. O-O Be7 13. Ng3 Nxd4 14. cxd4 b6 15. Qg4 g6 16. cxb6 h5 17. Qe2 h4 18. Rc1 Qxb6 19. Nf1 O-O 20. Qd2 Rab8 21. g3 Rfc8 22. Rc2 Kg7 23. Ne3 hxg3 24. hxg3 Rh8 25. Nc3 Rh5 26. Ng4 Rbh8 27. Rac1 Qb3 28. Kg2 Bg5 29. f4 Bd8 30. Nd1 Bb5 31. Ndf2 Bc4 32. Qe3 Qb5 33. Qf3 Bb6 34. Qe3 Ba5 35. Qf3 Rb8 36. Nf6 Rhh8 37. f5 exf5 38. g4 Rh4 39. gxf5 Rbh8 40. N6g4 gxf5 41. Qxf5 Bd8 42. e6 Qb7 43. exf7 Qe7 44. Rxc4 dxc4 45. Rxc4 Qb7+ 46. d5 Qxb2 47. Rc6 Kf8 48. Re6 Be7 49. Rc6 Qe2 50. Rc8+ Kg7 51. Rxh8 Rxg4+ 52. Qxg4+ Qxg4+ 53. Nxg4 Kxh8 54. Kf3 Bxa3 55. Ke2 Bb4 56. Kd1 Kg7 57. Ne5 Bc3 58. Nc4 Kxf7 59. Kc2 Bb4 60. Nb6 a3 61. Kb3 Bc5 62. Nc4 Ke7 63. Ka2 Bb4 64. Kb3 Bc5 65. Nxa3 Bxa3 66. Kxa3 Kd6 67. Kb3 Kxd5 1/2-1/2

[Event "45th FIDE Chess Olympiad Open"]
[Site "Budapest, Hungary"]
[Date "2024.09.13"]
[Round "3.58"]
[White "Young, Christopher"]
[Black "Stetsenko, Ilya"]
[Result "0-1"]
[WhiteElo "1758"]
[BlackElo "1903"]
[PlyCount "56"]
[EventDate "2024.??.??"]
[WhiteTeam "Cayman Islands"]
[BlackTeam "Aruba"]
[WhiteTeamCountry "CAY"]
[BlackTeamCountry "ARN"]
[WhiteClock "0:03:13"]
[BlackClock "0:01:33"]

1. d4 Nf6 2. c4 e6 3. Nf3 b6 4. g3 Ba6 5. Qc2 c5 6. Bg2 Bb7 7. O-O cxd4 8. Nxd4 Bxg2 9. Kxg2 Be7 ({RR} 9... Bc5 10. Rd1 Bxd4 11. Rxd4 Nc6 12. Rd1 Rc8 13. Nc3 O-O 14. e4 d5 15. exd5 exd5 16. cxd5 Ne5 17. Bf4 Re8 18. Qf5 Nc4 19. d6 Rc5 20. Nd5 Qa8 21. d7 Rd8 22. b3 Nxd5 23. Rxd5 Rxd5 24. Qe4 {Matlakov,M (2685)-Fedoseev,V (2678) Chess.com INT 2020 0-1}) 10. e4 ({RR} 10. b3 O-O 11. Ba3 a6 12. Bxe7 Qxe7 13. Nc3 d6 14. Rfd1 Rd8 15. Rac1 Qc7 16. Kg1 Nbd7 17. Ne4 Rac8 18. Nxf6+ Nxf6 19. b4 Qb7 20. Qb1 Rd7 21. b5 Rc5 22. bxa6 Qxa6 23. Nb5 Rc6 24. Rd3 g6 {Biyiksiz,A (2112)-Yarar,B (2373) Ankara TUR 2024 0-1 (46)}) 10... d6 11. Nc3 O-O 12. Qe2 $146 ({RR} 12. Rd1 Qc8 13. b3 a6 14. Bb2 Ra7 15. Qe2 Rd8 16. Rd2 Rc7 17. Rc1 Qb7 18. Kg1 Nbd7 19. Re1 Rdc8 20. Rc2 Bf8 21. Rcc1 g6 22. Nf3 Ng4 23. Nb1 b5 24. h3 Nge5 25. Nxe5 Nxe5 26. cxb5 Qxb5 {Kiefer,G (2230)-Stoll,J (2225) Germany 1982 ½-½ (50)}) ({RR} 12. b3 Qc8 13. Be3 Qb7 14. f3 a6 15. Qe2 Nc6 16. Nxc6 Qxc6 17. Rac1 Qb7 18. Rfd1 Rfd8 19. h4 Rac8 20. a4 Nd7 21. Bg5 Ne5 22. Rc2 Nc6 23. Bxe7 Qxe7 24. Qe3 Rb8 25. Rcd2 h6 26. h5 Qc7 {Korobov,A (2679)-Mareco,S (2634) Douglas 2019 ½-½}) 12... a6 13. f4 Qc7 14. Be3 Nbd7 15. g4 Nc5 16. Qf3 Nd3 17. g5 Nd7 18. f5 Qxc4 19. fxe6 fxe6 20. Qh3 N7c5 21. Nc6 Rfe8 22. Qf3 Ne5 23. Nxe5 dxe5 24. g6 Rf8 25. Qh5 hxg6 26. Qxg6 Rxf1 27. Rxf1 Rf8 28. Bh6 Qxf1+ 0-1

[Event "45th FIDE Chess Olympiad Open"]
[Site "Budapest, Hungary"]
[Date "2024.09.13"]
[Round "3.59"]
[White "Croes, Octavio"]
[Black "Shaw, Clifford"]
[Result "0-1"]
[WhiteElo "1850"]
[BlackElo "1744"]
[PlyCount "70"]
[EventDate "2024.??.??"]
[WhiteTeam "Aruba"]
[BlackTeam "Cayman Islands"]
[WhiteTeamCountry "ARN"]
[BlackTeamCountry "CAY"]
[WhiteClock "0:10:44"]
[BlackClock "0:57:12"]

1. d4 e6 2. c4 f5 3. g3 Nf6 4. Bg2 Be7 5. Nf3 O-O 6. O-O d6 7. Nc3 Ne4 8. Qc2 Nxc3 9. Qxc3 Bf6 10. Qc2 e5 11. dxe5 dxe5 12. e4 ({RR} 12. Rd1 Qe8 13. Rb1 a5 14. Be3 Nc6 15. a3 Qh5 16. Bc5 Re8 17. b4 axb4 18. axb4 f4 19. Nd2 Nd4 20. Bxd4 exd4 21. Ne4 fxg3 22. Nxg3 Qe5 23. Rb3 h5 24. e3 Bg4 25. Rxd4 Ra1+ 26. Rb1 Rxb1+ {Koridze,L (2121)-Topalov,A (2233) chess.com INT 2024 1-0}) 12... Nc6 13. Rd1 Qe8 14. exf5 $146 ({RR} 14. Be3 Qg6 15. Nd2 f4 16. Bc5 Rf7 17. Kh1 b6 18. Ba3 Nd4 19. Qd3 a5 20. gxf4 exf4 21. Rg1 Qh5 22. e5 Bxe5 23. Bxa8 f3 24. Rg3 Bxg3 25. fxg3 Ne2 26. Qd8+ Rf8 27. Qxf8# {1-0 (27) Gabr,M (2287)-Skoloud,B Pardubice 2018}) ({RR} 14. Be3 Qg6 15. exf5 Bxf5 16. Qe2 Rae8 17. h3 Nd4 18. Bxd4 exd4 19. Qd2 c5 20. Re1 Bd3 21. Qa5 Qf5 22. g4 Qf4 23. Qxc5 Be4 24. Nxd4 Bxg2 25. Ne6 Rxe6 26. Rxe6 Bd4 {0-1 (26) Zimmermann,A (2076)-Van den Berg,H (2161) Pardubice 2007}) ({RR} 14. Be3 Qh5 15. Bc5 Rf7 16. Nd2 f4 17. b4 Bh3 18. Bh1 b6 19. b5 Nd4 20. Bxd4 exd4 21. e5 d3 22. Qxd3 Rd8 23. Bd5 Qxe5 24. Re1 Qd6 25. Ne4 Qa3 26. Nxf6+ gxf6 27. Bxf7+ Kxf7 28. Qxd8 fxg3 {Volkov,M (2163)-Fajdetic,H (2151) Chess.com INT 2020 1-0 (32)}) 14... Qh5 15. Bd2 Bxf5 16. Qb3 e4 17. c5+ Kh8 18. Ne1 Nd4 19. Qxb7 c6 20. Be3 Rab8 21. Qa6 Ne2+ 22. Kf1 Rxb2 23. Rd2 Rxd2 24. Bxd2 Nxg3+ 25. hxg3 Bxa1 26. Qxa7 Qd1 27. Qa5 Bd4 28. Kg1 Bg6 29. Be3 Bxe3 30. fxe3 Qe2 31. a4 Qxe3+ 32. Kh2 h5 33. Nc2 Qf2 34. Qc3 Rf3 35. Qc4 Rxg3 0-1

[Event "45th FIDE Chess Olympiad Open"]
[Site "Budapest, Hungary"]
[Date "2024.09.13"]
[Round "3.60"]
[White "Tracey, Shaun M"]
[Black "Pesqueira, Jose"]
[Result "1-0"]
[WhiteElo "1684"]
[BlackElo "1880"]
[PlyCount "117"]
[EventDate "2024.??.??"]
[WhiteTeam "Cayman Islands"]
[BlackTeam "Aruba"]
[WhiteTeamCountry "CAY"]
[BlackTeamCountry "ARN"]
[WhiteClock "0:18:55"]
[BlackClock "0:11:33"]

1. e4 e6 2. d4 d5 3. Bd3 dxe4 4. Bxe4 Nf6 5. Bf3 c5 6. Ne2 Nc6 7. Be3 cxd4 8. Nxd4 Ne5 9. Nc3 Be7 10. Qe2 Nxf3+ 11. Nxf3 ({RR} 11. Qxf3 O-O 12. O-O-O Qa5 13. g4 Rd8 14. g5 Nd5 15. Nf5 Bf8 16. Rhg1 exf5 17. Nxd5 Be6 18. Nc3 Rdc8 19. Bd4 Bxa2 20. Qxb7 Rcb8 21. Qc6 Be6 22. Qa4 Qc7 23. Qa6 Rb4 24. Rge1 Bc4 25. Qa1 Qb7 {Sevian,S (2660)-Holt,C (2549) Chess.com INT 2021 ½-½ (83)}) ({RR} 11. Qxf3 a6 12. O-O-O Qc7 13. Rhe1 O-O 14. Bf4 Qc4 15. Nf5 exf5 16. Rxe7 Ne4 17. Rc7 Qe6 18. Nd5 Bd7 19. Rxd7 Qxd7 20. Nf6+ Nxf6 21. Rxd7 Nxd7 22. Qxb7 Rfe8 23. Be3 Ne5 24. b3 Ng4 25. Bd4 Rad8 {Urhegyi,M (2255)-Cech,P (2346) Slovakia SVK 2024 ½-½ (37)}) 11... O-O $146 ({RR} 11... a6 12. a4 b6 13. Qc4 Bb7 14. Rd1 Qc8 15. Ne5 Nd5 16. Nxd5 Bxd5 17. Qg4 Bf6 18. Nd3 Qxc2 19. O-O O-O 20. Bxb6 Rac8 21. Nb4 Qxa4 22. Ra1 Qb5 23. Nxd5 exd5 24. Be3 d4 25. Bf4 Rfd8 26. Rfd1 {Korniyuk,M (2082)-Zhylkaidarova,S (2164) Yerevan 2016 0-1}) 12. Bd4 Qa5 13. O-O-O Rd8 14. Ne5 Bd7 15. g4 Bc6 16. Rhe1 Be8 17. Kb1 Nd5 18. Nxd5 Rxd5 19. f4 Rad8 20. c3 Bh4 21. Rg1 Bf6 22. Nf3 Bxd4 23. Nxd4 Qb6 24. Rge1 Ba4 25. Rd2 Bb5 26. Qe3 Bc6 27. Rde2 Ba4 28. Qg3 Qa6 29. Re3 Qd6 30. Qf2 a6 31. h4 Qc7 32. Qf3 Rc8 33. Qf2 Rxd4 34. cxd4 Bc2+ 35. Ka1 Ba4 36. Rc3 Qd7 37. Rxc8+ Qxc8 38. Qd2 Bc6 39. Rc1 Qd8 40. g5 Qd5 41. h5 Qf3 42. h6 g6 43. Qa5 Qd5 44. Qc7 Kf8 45. Qb8+ Ke7 46. Qh8 Qf5 47. Qb8 Qd5 48. Qe5 Qxe5 49. dxe5 Kd7 50. b3 Bd5 51. Kb2 Bc6 52. Kc3 Bd5 53. Kb4 b6 54. a4 a5+ 55. Kb5 Bxb3 56. Rc3 Bd5 57. Kxb6 Kd8 58. Kxa5 Kd7 59. Kb6 1-0

[Event "45th FIDE Chess Olympiad Open"]
[Site "Budapest, Hungary"]
[Date "2024.09.13"]
[Round "3.61"]
[White "Solomon, Joshua"]
[Black "D`Amico, Nicola"]
[Result "1/2-1/2"]
[WhiteElo "1587"]
[BlackElo "1801"]
[PlyCount "78"]
[EventDate "2024.??.??"]
[WhiteTeam "Antigua and Barbuda"]
[BlackTeam "San Marino"]
[BlackTeamCountry "SMR"]
[WhiteClock "0:06:56"]
[BlackClock "0:10:01"]

1. d4 d5 2. c4 e6 3. Nc3 Nf6 4. cxd5 exd5 5. Bg5 c6 6. e3 Be7 7. Bd3 h6 8. Bh4 O-O 9. Nge2 Re8 10. Qc2 Nbd7 11. O-O Nf8 12. a3 ({RR} 12. Rae1 Ne4 13. Bxe7 Qxe7 14. Bxe4 dxe4 15. Ng3 f5 {½-½ (15) Kosic,D (2482)-Ilincic,Z (2545) Budapest 2007}) 12... Bg4 $146 ({RR} 12... a5 13. Bxf6 Bxf6 14. b4 Be7 15. b5 Bd7 16. Rfb1 Bd6 17. bxc6 bxc6 18. Na4 Rb8 19. Nc5 Qe7 20. Qc3 Bxc5 21. dxc5 Ne6 22. Rc1 Ra8 23. Rab1 g6 24. Rb6 Ng5 25. Nd4 Qf6 26. Ne2 Qe7 27. h4 {Schatzberg,W-Polk,M Schloss Schney 1996 0-1 (45)}) ({RR} 12... Nh5 13. Bxe7 Qxe7 14. b4 a6 15. Ng3 Nxg3 16. hxg3 Ne6 17. Bf5 Ng5 18. Rfc1 Bxf5 19. Qxf5 Ne4 20. Nxe4 Qxe4 21. Qxe4 Rxe4 22. a4 Re6 23. Kf1 Kf8 24. Ke2 Ke8 25. Kd3 Kd7 26. Rc2 Ree8 27. Rb1 {Yaniuk,V (2223)-Hemam,M (1977) chess.com INT 2024 1-0 (58)}) ({RR} 12... Ne6 13. b4 a6 14. Na4 b5 15. Nc5 Nxc5 16. dxc5 a5 17. Nd4 Bd7 18. h3 Ra7 19. Qe2 Qa8 20. Rab1 axb4 21. axb4 Ne4 22. Bxe4 Bxh4 23. Bf5 Bxf5 24. Nxf5 Bf6 25. Qg4 Re4 26. Nxh6+ Kf8 27. Qf5 {Gauthier,D (1922)-Wan,K (2171) Montreal 2014 0-1 (45)}) ({RR} 12... a5 13. Rab1 Nh5 14. Bxe7 Qxe7 15. b4 axb4 16. axb4 Qg5 17. b5 Bd7 18. Na4 Rab8 19. Nc5 Bg4 20. Rb2 Nd7 21. Rfb1 Nxc5 22. dxc5 Qe5 23. Nd4 Bd7 24. Bf5 Bxf5 25. Qxf5 Qxf5 26. Nxf5 Ra8 27. bxc6 {Gaspar,L-Muendle,K Yerevan 1996 ½-½ (68)}) 13. b4 a6 14. Rab1 Bh5 15. Nf4 Bg4 16. Bxf6 Bxf6 17. h3 Bd7 18. a4 Ne6 19. Nxe6 fxe6 20. b5 axb5 21. axb5 e5 22. dxe5 Bxe5 23. Ne2 Qh4 24. Bf5 Be6 25. bxc6 bxc6 26. Rb6 Bxf5 27. Qxf5 Rac8 28. Rc1 Rc7 29. Qg6 Rf8 30. Qe6+ Rcf7 31. g3 Qf6 32. Qxf6 Rxf6 33. f4 Bb8 34. Rbxc6 Ba7 35. Kf2 Re8 36. Nd4 Bxd4 37. exd4 Rxc6 38. Rxc6 Re4 39. Rd6 Rxd4 1/2-1/2

[Event "45th FIDE Chess Olympiad Open"]
[Site "Budapest, Hungary"]
[Date "2024.09.13"]
[Round "3.62"]
[White "Volpinari, Danilo"]
[Black "Matthew Bailey"]
[Result "1-0"]
[WhiteElo "1939"]
[BlackElo "1548"]
[PlyCount "93"]
[EventDate "2024.??.??"]
[WhiteTeam "San Marino"]
[BlackTeam "Antigua and Barbuda"]
[WhiteTeamCountry "SMR"]
[WhiteClock "0:29:37"]
[BlackClock "0:41:53"]

1. e4 c6 2. d4 d5 3. exd5 cxd5 4. Bd3 Nc6 5. c3 Qc7 6. h3 Nf6 7. Nf3 e6 8. O-O Bd6 9. Re1 h6 ({RR} 9... b6 10. Nbd2 Bb7 11. Qe2 O-O 12. Ne5 Rae8 13. Bb1 Nd7 14. Ndf3 f6 15. Qd3 f5 16. Bf4 Nf6 17. Bh2 Nd8 18. a4 a5 19. Qe2 Ne4 20. Bd3 f4 21. c4 Re7 22. Rac1 Qb8 23. cxd5 exd5 24. Bb5 {Carlsen,M (2872)-Shimanov,A (2587) Moscow 2019 1-0 (41)}) 10. Nbd2 ({RR} 10. Qe2 O-O 11. Ne5 Ne7 12. Nd2 b6 13. Nf1 Bb7 14. Ng3 Rad8 15. Bf4 Rfe8 16. Rad1 Ng6 17. Bc1 Bxe5 18. dxe5 Ne4 19. Nxe4 dxe4 20. Bxe4 Rxd1 21. Qxd1 Rd8 22. Qh5 Bxe4 23. Rxe4 Rd5 24. Qe2 Rxe5 {Yuan,Q (2360)-Praggnanandhaa,R (2747) chess.com INT 2024 0-1 (78)}) 10... Bd7 11. Qe2 O-O-O $146 ({RR} 11... O-O 12. Ne5 a6 13. a4 Rac8 14. Ndf3 Na5 15. Nxd7 Nxd7 16. Ne5 Nb3 17. Rb1 Nxe5 18. dxe5 Bc5 19. Bf4 Rfd8 20. Qg4 Kf8 21. Bc2 Qb6 22. Qe2 d4 23. a5 Nxa5 24. b4 Qc7 25. bxa5 dxc3 26. Qf3 {Dembicki,K (1380)-Jankowski,F (1522) Jastrzebia Gora 2021 1-0 (33)}) 12. Ne5 Rdf8 13. a4 g5 14. b4 h5 15. Nb3 Kb8 16. a5 g4 17. h4 Bc8 18. b5 Ne7 19. Bd2 Nd7 20. b6 axb6 21. Nxd7+ Bxd7 22. axb6 Qxb6 23. Reb1 Qc7 24. Na5 b6 25. c4 Nc8 26. c5 Bh2+ 27. Kh1 Bf4 28. cxb6 Nxb6 29. Bxf4 Qxf4 30. Rxb6+ Kc7 31. Qc2+ Kd8 32. Nc6+ Bxc6 33. Ra7 g3 34. fxg3 Qxg3 35. Qb2 Qe1+ 36. Kh2 Qxh4+ 37. Kg1 Qe1+ 38. Bf1 Qe3+ 39. Kh1 Bd7 40. Qb4 Qf4 41. Rb8+ Qxb8 42. Qxb8+ Ke7 43. Qb4+ Kf6 44. Rxd7 Re8 45. Qd2 Kf5 46. Bd3+ Kg4 47. Rxf7 1-0

[Event "45th FIDE Chess Olympiad Open"]
[Site "Budapest, Hungary"]
[Date "2024.09.13"]
[Round "3.63"]
[White "Farquhar, Abner"]
[Black "Grassi, Enrico"]
[Result "1/2-1/2"]
[WhiteElo "1678"]
[BlackElo "1965"]
[PlyCount "51"]
[EventDate "2024.??.??"]
[WhiteTeam "Antigua and Barbuda"]
[BlackTeam "San Marino"]
[BlackTeamCountry "SMR"]
[WhiteClock "0:30:21"]
[BlackClock "0:32:31"]

1. d4 Nf6 2. Nf3 g6 3. Nc3 d5 4. Bf4 c6 5. e3 Bg7 6. Bd3 Nbd7 ({RR} 6... Qb6 7. Rb1 O-O 8. h3 c5 9. O-O Nbd7 10. Na4 Qc6 11. Nxc5 Nxc5 12. dxc5 Nd7 13. Qe2 e5 14. Bb5 Qxc5 15. Bh2 Qe7 16. e4 d4 17. c3 dxc3 18. bxc3 Nc5 19. Rfd1 b6 20. Bc6 Ba6 21. c4 {Borchgrevink,H (2265)-Ganguly,S (2579) Gibraltar 2006 ½-½ (46)}) 7. Ne2 $146 ({RR} 7. O-O Nh5 8. Ne2 Nxf4 9. exf4 c5 10. c3 Qb6 11. Rb1 e6 12. Re1 a6 13. h4 Qd6 14. g3 b5 15. a3 Bb7 16. b4 c4 17. Bc2 Kd8 18. a4 Kc7 19. axb5 axb5 20. Ne5 Qe7 21. Ra1 h6 {Distelrath,O (2039)-Schebler,G (2500) Essen Borbeck 2001 0-1 (45)}) ({RR} 7. h3 O-O 8. O-O Re8 9. Ne5 Nxe5 10. Bxe5 Nd7 11. Bxg7 Kxg7 12. f4 Nf6 13. Qf3 Bf5 14. g4 Bxd3 15. cxd3 e6 16. Rf2 Qd6 17. Raf1 Rac8 18. Ne2 Re7 19. e4 dxe4 20. dxe4 Qb4 21. g5 Nd7 {Abdulla,K (2266)-Padmini,R (2353) Samarkand UZB 2023 ½-½ (40)}) ({RR} 7. e4 dxe4 8. Nxe4 Nxe4 9. Bxe4 Nf6 10. Bd3 Bg4 11. c3 Nh5 12. Be3 e5 13. Be2 exd4 14. Nxd4 Bxe2 15. Qxe2 O-O 16. O-O-O Qa5 17. Kb1 Nf6 18. h4 Rfe8 19. Qf3 Nd5 20. Bc1 Qc7 21. h5 a5 {Alekhine,A-Domenech Pont,J Barcelona 1928 1-0 (35)}) ({RR} 7. h3 a6 8. O-O O-O 9. Qd2 Re8 10. Rad1 Nh5 11. Bh2 e5 12. dxe5 Nxe5 13. Be2 Nxf3+ 14. Bxf3 Qg5 15. Kh1 Nf6 16. Bf4 Qh4 17. Bg3 Qh6 18. Rfe1 Bf5 19. Kg1 g5 20. Ne2 Ne4 21. Bxe4 Bxe4 {Maderna,C-Falcon,E Buenos Aires 1931 ½-½ (43)}) 7... Nh5 8. Bg5 Qa5+ 9. c3 e5 10. dxe5 Nxe5 11. Nxe5 Bxe5 12. g4 Bxg4 13. f4 Bf6 14. Rg1 Bxe2 15. Bxe2 Bxg5 16. Rxg5 Ng7 17. Re5+ Kf8 18. Qd4 f6 19. Re6 Nxe6 20. Qxf6+ Kg8 21. Qxe6+ Kg7 22. Qe7+ Kh6 23. Qg5+ Kg7 24. Qe7+ Kh6 25. Qg5+ Kg7 26. Qe7+ 1/2-1/2